000 00400nam a2200157Ia 4500
008 221030s9999 xx 000 0 und d
020 _a812240670X
041 _aEnglish
082 _a105.23
_bXav
100 _aC. Xavier
245 0 _aFortran 77 & Numerical Methods
_cby C. Xavier
260 _bNew Age International Pub
_aNew Delhi
_c2001
300 _a527
650 _aBE Computer
942 _cBK
999 _c3302
_d3302